Boj kórejského ľudu za jednotný, nezávislý demokratický štát

Bibliographic Details
Main Author: Kim, Il-sǒng, 1912-1994 (Author)
Format: Book
Language:Slovak
PhysicalDescription:59 strán fotografie, ilustrácie 21 cm
Published: Bratislava Pravda 1950
Series:Otázky medzinárodnej politiky
Subjects:

MARC

LEADER 00000cam a2200000 a 4500
001 vtls008365085
003 SK-MaSNL
005 20260302074555.0
008 230403q1950 xo oa g 000 0 slo
015 |a SNBA19451955-000924A 
020 |q (brožované) 
035 |a SK01SNKBKSFS20020057302 
035 |a urn:nbn:sk:snk-am3hwim 
035 |a 8F95A9A6-5679-451F-A569-497D5E72D1C7 
035 |a urn:nbn:sk:snk-am00dbhn 
035 |a SKM000059765 
040 |a SNK  |b slo  |c SNK  |e AACR2 
041 0 |a slo 
043 |a a-kn--- 
044 |a xo  |c SK 
072 7 |a 355/359  |x Vojenstvo. Obrana krajiny. Ozbrojené sily  |2 konspekt 
072 7 |a 323  |x Vnútropolitický vývoj, politický život  |2 konspekt 
080 |a (519.3)  |2 2011 
080 |a 323  |2 2011 
080 |a 355/359  |2 2011 
080 |a (048.8)  |2 2011 
080 |a (093)  |2 2011 
100 1 |a Kim, Il-sǒng,  |d 1912-1994  |4 aut  |9 75802 
245 1 0 |a Boj kórejského ľudu za jednotný, nezávislý demokratický štát  |c Kim Ir-Sen 
260 |a Bratislava  |b Pravda  |c 1950 
300 |a 59 strán  |b fotografie, ilustrácie  |c 21 cm 
366 |e 20000 kusov 
490 1 |a Otázky medzinárodnej politiky  |v sv. 2 
500 |a Obsahuje mapu pred titulným listom 
650 0 7 |a vnútorná politika  |2 SNKPH  |9 970 
650 0 7 |a vojenstvo  |2 SNKPH  |9 22591 
651 7 |a Kórejská ľudovodemokratická republika  |2 SNKPHgeo  |9 162875 
655 7 |a monografie  |2 SNKPH  |9 70139 
655 7 |a dokumenty  |2 SNKPH  |9 70482 
830 0 |a Otázky medzinárodnej politiky  |9 470887 
852 |a Slovenská národná knižnica 
954 |a odborná, vedecká literatúra pôvodná (slovenská)  |2 lita 
958 |a RK 
958 |a SP 
958 |a OND 
958 |a EUIPO 
999 |c 1165565  |d 1167495 
952 |a SNK  |b SNK  |y PREZ  |7 0  |p 17A0764112  |o snkSC 4613/2  |i snk2402/53  |0 0  |1 0  |4 0  |d 2019-01-21  |f 1  |l 0  |r 2025-06-25 00:00:00  |w 2026-02-24